|
|
|
|
| LEADER |
00000cam a2200000 a 4500 |
| 001 |
vtls010466395 |
| 003 |
SK-MaSNL |
| 005 |
20260301085640.0 |
| 008 |
240314s2012 xo o f 001 0 slo |
| 015 |
|
|
|a SNBA2013
|
| 020 |
|
|
|a 9788055130422
|q (viaz.)
|
| 035 |
|
|
|a FFEBFE6D-D78E-4FAD-821F-6152E3C51DAE
|
| 035 |
|
|
|a urn:nbn:sk:snk-amjlyv
|
| 035 |
|
|
|a urn:nbn:sk:snk-am001ndf
|
| 040 |
|
|
|a SNK
|b slo
|c SNK
|e AACR2
|
| 041 |
1 |
|
|a slo
|h ger
|
| 044 |
|
|
|a xo
|c SK
|
| 072 |
|
7 |
|a 636
|x Chov zvierat. Živočíšna výroba
|2 konspekt
|
| 080 |
|
|
|a 636.1
|2 2001
|
| 080 |
|
|
|a 636.05
|2 2001
|
| 080 |
|
|
|a 636.09
|2 2001
|
| 080 |
|
|
|a 636.083
|2 2001
|
| 080 |
|
|
|a (084.12)
|2 2001
|
| 100 |
1 |
|
|a Brixner, Saskia
|4 aut
|9 416099
|
| 240 |
1 |
0 |
|a Handbuch Pferde
|l Slovensky
|
| 245 |
1 |
0 |
|a Kone
|b [výber, zdravie, plemená]
|c [Saskia Brixnerová ; z nemeckého originálu preložila Silvia Smidová]
|
| 250 |
|
|
|a 1. vyd.
|
| 260 |
|
|
|a Bratislava
|b Ikar
|c 2012
|
| 300 |
|
|
|a 256 s.
|b fotogr.
|c 21 cm
|
| 504 |
|
|
|a Reg.
|
| 650 |
0 |
7 |
|a kone
|2 SNKPH
|9 2809
|
| 650 |
0 |
7 |
|a starostlivosť o zvieratá
|2 SNKPH
|9 31078
|
| 650 |
0 |
7 |
|a plemená zvierat
|2 SNKPH
|9 4381
|
| 650 |
0 |
7 |
|a choroby zvierat
|2 SNKPH
|9 30550
|
| 650 |
0 |
7 |
|a Animals diseases
|2 SNKPHeng
|9 306678
|
| 650 |
0 |
7 |
|a Animal care
|2 SNKPHeng
|9 276222
|
| 650 |
0 |
7 |
|a Animal breeds
|2 SNKPHeng
|9 328012
|
| 650 |
0 |
7 |
|a Horses
|2 SNKPHeng
|9 270402
|
| 655 |
|
7 |
|a fotografické publikácie
|2 SNKPH
|9 70483
|
| 655 |
|
7 |
|a Photographical works
|2 SNKPHeng
|9 278887
|
| 700 |
1 |
|
|a Smidová, Silvia,
|d 1947-
|4 trl
|9 248069
|
| 852 |
|
|
|a Štátna vedecká knižnica v Banskej Bystrici
|
| 919 |
|
|
|a 978-80-551-3042-2
|
| 958 |
|
|
|a NB
|
| 958 |
|
|
|a OP
|
| 968 |
|
|
|b DT
|
| 999 |
|
|
|c 666293
|d 668223
|
| 952 |
|
|
|a SNK
|b SNK
|y PREZ
|7 0
|p 17A1055973
|o snkSC 151842
|i snk2012/22950
|8 0
|0 0
|1 0
|4 0
|d 2012-11-09
|l 0
|r 2025-07-22 00:00:00
|w 2026-02-23
|
| 952 |
|
|
|a SNK
|b SNK
|y VYP
|7 0
|p 17A1055974
|o snkSC 151842 D1
|i snk2012/22951
|8 0
|0 0
|1 0
|4 0
|d 2012-11-09
|f 1
|l 0
|r 2026-02-23 19:09:47
|w 2026-02-23
|